| 000 | 01226nam a2200313Ia 4500 | ||
|---|---|---|---|
| 001 | ebr10715321 | ||
| 003 | CaPaEBR | ||
| 006 | m o u | ||
| 007 | cr cn||||||||| | ||
| 008 | 130405s2013 nju sb 001 0 eng d | ||
| 010 | _z 2013014004 | ||
| 020 | _z9781118290408 (cloth) | ||
| 020 | _z9781118737774 (ebook) | ||
| 040 |
_aCaPaEBR _cCaPaEBR |
||
| 035 | _a(OCoLC)849948654 | ||
| 050 | 1 | 4 |
_aTA418.74 _b.C52 2013eb |
| 082 | 0 | 4 |
_a620.1/1223 _223 |
| 100 | 1 | _aCicek, Volkan. | |
| 245 | 1 | 0 |
_aCathodic protection _h[electronic resource] : _bindustrial solutions for protecting against corrosion / _cVolkan Cicek. |
| 260 |
_aHoboken, NJ : _bJohn Wiley and Sons, Inc., _cc2013. |
||
| 300 | _axx, 329 p. | ||
| 504 | _aIncludes bibliographical references and index. | ||
| 533 |
_aElectronic reproduction. _bPalo Alto, Calif. : _cebrary, _d2013. _nAvailable via World Wide Web. _nAccess may be limited to ebrary affiliated libraries. |
||
| 650 | 0 | _aCathodic protection. | |
| 650 | 0 | _aCorrosion and anti-corrosives. | |
| 655 | 7 |
_aElectronic books. _2local |
|
| 710 | 2 | _aebrary, Inc. | |
| 856 | 4 | 0 |
_uhttp://site.ebrary.com/lib/rucke/Doc?id=10715321 _zAn electronic book accessible through the World Wide Web; click to view |
| 999 |
_c40845 _d40845 |
||